Film français : Vaincre ou mourir - Statistiques

Statistiques générales
  • Ce quiz a été pris 17 fois
  • Le résultat moyen est 14 sur 20
Statistiques - réponses
Questions Réponses % Correct
Année de sortie du film. 2023
100%
Terre de l'ouest de la France où se déroule l'histoire du film. La Vendée
93%
Chaîne de télévision cryptée dont la filiale assure la distribution en salles du film conjointement avec la société Saje qui se veut spécialisée dans la diffusion de films "d'inspiration chrétienne". Canal +
87%
Acteur jouant le rôle de François Athanase Charette de la Contrie. Hugo Becker
87%
Fleuve que le Républicain Jean-Baptiste Carrier nomma la "Baignoire nationale" après y avoir noyé hommes, gens d'Église, vieillards, femmes et enfants. La Loire
87%
Complexe de loisirs et parc d'attractions dont la filiale produit le film. Le Puy du Fou
87%
Nom donné aux douze colonnes incendiaires du Général Turreau qui ont reçu "ordre de tout brûler sur leur passage". Les Colonnes infernales
87%
Pays d'origine de l'époux de Célèste Bulkeley, William Bulkeley, descendant des "Oies sauvages", c'est-à-dire des soldats de ce pays qui vaincus sur leurs terres poursuivirent la lutte contre l'Anglais en servant d'autres monarchies catholiques comme la France ou l'Espagne. L'Irlande
87%
Complétez cette réplique de François Athanase Charette de la Contrie : "La paix durera tant que la République tiendra ses ______". Promesses
87%
Parti dont font partie Alexis Corbière et Matthias Tavel qui dénoncent une « fiction antirépublicaine » et une « falsification de l'histoire », estimant que les « extrêmes droites et droites extrêmes veulent imposer à la société leur grille de lecture des problèmes de notre temps, leur haine de l’égalité républicaine, leur nostalgie morbide de pseudo-traditions catholiques intégristes, leur nationalisme 'de la terre et des morts' ». La France insoumise
80%
Roi enfant incarné par Léon Durieux. L'annonce de son décès précipita la rupture de la paix. Louis XVII
80%
Symbole de l'Amour divin que portaient déjà les paysans insurgés lorsqu'ils appelèrent Charette à la rescousse pour qu'il prît le commandement de leur insurrection. Le Sacré-Cœur de Jésus
73%
Mouvement insurrectionnel royaliste qui a repris le combat pendant que Charette respectait ses accords de paix. Les Chouans
73%
Acteur jouant le rôle du député Albert Ruelle. Il est aussi connu pour ses prestations dans Nikita et La Reine Margot entre autres. Jean-Hugues Anglade
67%
Accords de paix négociés entre Charette et Ruelle. Le Traité de La Jaunaye
60%
Actrice qui joue le rôle de Marie-Anne Charette de La Contrie, sœur d'Athanase. Elle avait eu précédemment un rôle dans le film "Le Lion" de Ludovic Colbeau Justin avec Dany Boon. Anne Serra
40%
Acteur qui joue le rôle de Jean-Pierre Travot, l'homme qui captura Charette. Acteur connu pour la série "Engrenages". Grégory Fitoussi
33%
Réalisateurs du film. Paul Mignot
33%
Actrice jouant le rôle de Céleste Bulkeley, connue pour la série "Unité 42". Constance Gay
20%
Réalisateurs du film. Vincent Mottez
20%
Aucun quiz correspondant
Distribution des résultats
% des personnes avec chaque résultat
Percentile par nombre de réponses
Votre historique - résultats
Vous n’avez pas pris ce quiz